Normal view
MARC view
- Prevert Jacques
Entry Personal Name
001 - CONTROL NUMBER
- control field: 12920
003 - CONTROL NUMBER IDENTIFIER
- control field: IT-RoPau
005 - DATE AND TIME OF LATEST TRANSACTION
- control field: 20140211174026.0
008 - FIXED-LENGTH DATA ELEMENTS
- fixed length control field: 140211|| aca||aabn | a|a d
040 ## - CATALOGING SOURCE
- Original cataloging agency: IT-RoPau
- Transcribing agency: IT-RoPau
100 ## - HEADING--PERSONAL NAME
- Personal name: Prevert Jacques
- Miscellaneous information: Codice autore SPICS: 2341
- Relator term: Autore
- Name of part/section of a work: Foglie morte (Les feuilles mortes)
670 ## - SOURCE DATA FOUND
- Source citation: Work cat.: (IT-RoPau)99949: AA.VV. 794, Eppure... ti amo